000 00956nam a2200301Ia 4500
001 25189
003 IT-RoPAU
008 130308s9999 xx 000 0 und d
040 _aIT-RoPAU
040 _cIT-RoPAU
041 _aITALIANO
100 _aMalan Domenico
100 _gCodice Aut. SPICS: 12212
245 _aStoria illustrata del cinema western
245 _bStoria Illustrata del Cinema Western
250 _a1a ed.
260 _aROMA
260 _bAnthropos
260 _c1984 [1° Ed.:1984 - Ed.Ling.Originale:1984]
300 _a"240 p. (prefazione: no ; testo: 240)"
500 _aIntervista a Sergio Leone Origini ed Evoluzione del western Biofilmografia Attori e registi Piu' Famosi del western Schede Filmografiche western Filmografia western Americani dal dopoguerra Ad Oggi
650 _aGENERI CINEMATOGRAFICI
650 _eCodice materia Spics: 6810
942 _cBK
957 _71
999 _c72358
_d72358
999 _bSI
999 _g1